Zásoby podľa národnej a nadnárodnej úpravy účtovníctva diplomová práca

Na minha lista:
Detalhes bibliográficos
Autor principal: Bodyová, Zuzana
Autor Corporativo: Fakulta hospodárskej informatiky EU. Katedra účtovníctva a audítorstva
Outros Autores: Baštincová, Anna
Formato: Livro
Idioma:eslovaco
Publicado em: Bratislava 2012
Tags: Adicionar Tag
Sem tags, seja o primeiro a adicionar uma tag!

MARC

LEADER 00000nbm a2200000 4500
001 0154724
005 20161109102140.4
041 0 |a slo 
044 |a SK 
245 1 0 |a Zásoby podľa národnej a nadnárodnej úpravy účtovníctva  |b diplomová práca  |c Zuzana Bodyová ; školiteľ: Anna Baštincová 
264 1 |a Bratislava  |c 2012 
300 |a 77 s. 
100 1 |a Bodyová, Zuzana 
700 1 |a Baštincová, Anna 
710 2 |a Fakulta hospodárskej informatiky EU. Katedra účtovníctva a audítorstva